[Event "77th GEO-ch Women 2020"]
[Site "Tbilisi"]
[Date "2020.07.29"]
[Round "8.5"]
[White "Khukhashvili, Sopiko"]
[Black "Batsiashvili, Nino"]
[Result "0-1"]
[WhiteElo "2339"]
[BlackElo "2457"]
[Annotator "TA"]
[PlyCount "76"]
[EventDate "2020.07.21"]
[EventType "tourn"]
[EventCountry "GEO"]
[SourceTitle "playchess.com"]
[Source "ChessBase"]
[SourceQuality "1"]

{[%evp 9,76,46,50,54,50,32,34,31,47,-42,29,-21,12,10,17,7,26,33,18,27,30,-18,16,-86,-106,-81,-99,-82,-95,-95,-47,-123,-105,-121,-79,-63,-70,-57,-27,-43,0,-27,-30,-104,-118,-115,-58,-133,-120,-257,-250,-361,-340,-337,-299,-295,-293,-282,-284,-473,-476,-2440,-2279,-3372,-2064,-29986,-29987,-29987,-29988]} 1. e4 e5 2. Nf3 Nc6 3. c3 Nf6 4. d4 d6 5. Bd3 g6 6. h3 {C44: Ponziani Opening and Scotch Gambit.} Bg7 7. d5 Ne7 8. c4 {White is slightly better.} O-O 9. g4 {[#]} (9. O-O $14) 9... Nd7 $146 (9... b5 $15) ({Predecessor:} 9... c6 10. Bd2 Bd7 11. Qe2 b5 12. Na3 bxc4 13. Bxc4 cxd5 14. exd5 Nfxd5 15. Nb5 Bxb5 16. Bxb5 {0-1 (40) Best,W-Kruskic,M Darmstadt 1995}) 10. Rg1 c6 11. Nc3 Nc5 12. Bc2 a5 (12... b5 $5) 13. Be3 {aiming for Bxc5.} cxd5 14. cxd5 Bd7 15. Qd2 Rc8 16. Bh6 (16. a4 $11 {keeps the balance.}) 16... Bxh6 $17 17. Qxh6 {White threatens Ng5 and mate.} f6 18. Nh4 Rf7 19. Qd2 b5 {[%cal Bb7b5,Bb5b4][%mdl 32]} 20. Kf1 {[#]} (20. Ne2 $15) 20... Kh8 $1 21. Nd1 Ng8 22. Nf3 b4 23. Ne3 Bb5+ 24. Kg2 Rfc7 25. Rae1 Qf8 26. h4 (26. a3 $11) 26... Qh6 27. g5 {[#]} Qg7 (27... Qf8 $1 $17 {Strongly threatening ...fxg5.} 28. Rh1 Ne7) 28. h5 ({White should play} 28. Kh1 $15) 28... fxg5 {And now ...Nf6 would win.} ({But not} 28... gxh5 29. Nf5 $11) 29. Nxg5 {This move loses the game for White.} (29. hxg6 $17 Qxg6 30. Nf5) 29... Nf6 $19 ({Less strong is} 29... gxh5 30. Nf5 $15) 30. hxg6 (30. f3 {was worth a try.} Nxh5 31. Kh1) 30... Qxg6 {[%mdl 64] Double Attack} 31. Nf5 Ncxe4 {[%mdl 64] Remove Defender} 32. Bxe4 Nxe4 33. Rxe4 {Hoping for Nh6!} Qxf5 34. Qe3 $2 (34. Kh2) 34... Bc4 {[%mdl 64] Double Attack} 35. Rd1 {[#]} (35. Kh2 $142) 35... Rg7 $1 36. f4 exf4 37. Re8+ Rxe8 38. Qxe8+ {[#]} Rg8 $1 {Accuracy: White = 36%, Black = 67%.} 0-1

[Event "77th GEO-ch Women 2020"]
[Site "Tbilisi"]
[Date "2020.07.30"]
[Round "9.1"]
[White "Batsiashvili, Nino"]
[Black "Khotenashvili, Bela"]
[Result "1/2-1/2"]
[WhiteElo "2457"]
[BlackElo "2458"]
[Annotator "TA"]
[PlyCount "60"]
[EventDate "2020.07.21"]
[EventType "tourn"]
[EventCountry "GEO"]
[SourceTitle "playchess.com"]
[Source "ChessBase"]
[SourceQuality "1"]

{[%evp 18,60,31,15,103,100,99,88,123,116,119,79,75,50,75,81,97,97,117,102,197,200,204,187,198,162,162,169,177,145,136,156,152,153,241,182,237,225,281,254,371,233,317,296,333]} 1. d4 Nf6 2. c4 c5 3. d5 g6 4. Nc3 Bg7 5. Nf3 d6 6. g3 O-O 7. Bg2 e6 8. O-O exd5 9. cxd5 Re8 10. Re1 {10.Bf4 is the recent fashion.} Bf5 {[#] A62: Modern Benoni: Fianchetto Variation without early ...Nbd7.} (10... a6 $11 {keeps the balance.}) 11. Nd2 $1 $16 Qd7 {[#]} 12. Nc4 $146 ({Predecessor:} 12. a4 Na6 13. e4 Bh3 14. Bh1 Ng4 15. Nb5 Nb4 16. Nc4 Bf8 17. Bf4 Ne5 18. Nxe5 dxe5 {½-½ (59) Beyer,N (1807)-Domroese,M (1842) Vellmar 2017}) 12... Bf8 {White is better.} 13. a4 Bh3 14. Bh1 Na6 15. e4 Nb4 16. f3 h6 17. Be3 Kh7 18. Qd2 Ng8 (18... b6 $16 {is a better defense.} 19. Nd1 Qc8) 19. Nd1 $18 b5 20. axb5 Qxb5 21. Na3 Qd3 {[#]} 22. g4 $1 {aiming for Nf2.} Bg7 23. Nf2 Qxd2 24. Bxd2 {Bc3 is the strong threat.} Bxb2 25. Nxh3 Nd3 (25... a5 $16 26. Nc4 Bd4+ 27. Kg2 Nc2) 26. Red1 {Threatens to win with Ra2.} Bxa1 (26... a5 {keeps fighting.} 27. Nc4 Bd4+ 28. Kf1 Bxa1) 27. Rxa1 Ne5 28. Nf2 Nf6 (28... g5 $142 29. f4 gxf4 30. Bxf4 a6 31. Bxe5 dxe5) 29. Nd1 Reb8 30. f4 Ned7 {[%mdl 32768] Accuracy: White = 74%, Black = 40%. . An unexpected result.} 1/2-1/2

[Event "77th GEO-ch Women 2020"]
[Site "Tbilisi"]
[Date "2020.07.30"]
[Round "9.2"]
[White "Javakhishvili, Lela"]
[Black "Khukhashvili, Sopiko"]
[Result "1/2-1/2"]
[WhiteElo "2475"]
[BlackElo "2339"]
[Annotator "TA"]
[PlyCount "168"]
[EventDate "2020.07.21"]
[EventType "tourn"]
[EventCountry "GEO"]
[SourceTitle "playchess.com"]
[Source "ChessBase"]
[SourceQuality "1"]

{[%evp 11,168,13,29,27,31,22,49,7,23,23,23,19,19,23,23,24,45,48,51,42,41,43,61,29,41,33,47,37,60,61,65,62,36,37,45,56,55,38,73,49,93,87,87,87,88,95,144,135,110,43,115,100,128,128,128,128,138,79,199,181,158,54,270,25,35,25,14,23,35,15,18,17,172,130,179,62,130,0,0,0,0,0,0,0,0,0,0,0,0,0,0,0,0,0,42,25,46,26,38,32,36,36,36,37,37,37,40,47,46,47,35,11,46,46,46,46,46,11,11,0,46,0,11,11,11,11,12,12,46,0,0,0,0,0,0,0,0,0,0,0,46,46,46,46,46,46,46,46,46,46,46,0,0,0,46,0,0,0,0]} 1. d4 Nf6 2. c4 e6 3. Nf3 Bb4+ 4. Nbd2 O-O 5. a3 Bxd2+ 6. Bxd2 d6 7. Qc2 {E11: Bogo-Indian.} Re8 8. Bc3 Nbd7 9. g3 {White is slightly better.} e5 {[#]} 10. dxe5 $146 ({Predecessor:} 10. Bg2 c6 11. dxe5 dxe5 12. Nd2 Qc7 13. O-O Nf8 14. Ne4 Nxe4 15. Bxe4 Bh3 16. Rfd1 Rad8 17. Rxd8 {½-½ (17) James,D (2169)-Williams,A (2329) Cardiff 2014}) 10... dxe5 11. Rd1 Qe7 12. Bg2 e4 13. Nd4 Nb6 14. Nb5 a6 15. Bxf6 $1 gxf6 16. Nc3 {[%cal Rg2e4]} f5 17. Nd5 Nxd5 18. cxd5 a5 19. O-O Ra6 20. Rd4 $36 {[%mdl 2048] White is more active.} Rd6 21. Rc4 Rxd5 22. Rxc7 {[%mdl 64] Double Attack} Qd8 23. Rc1 {[%cal Rc7c8]} Be6 24. Bf1 b5 25. e3 b4 26. axb4 axb4 27. Qa4 Qb8 28. R7c4 Rb5 29. Rd4 Rb7 30. Rcd1 (30. Qd1 $16) 30... b3 (30... Rc8 $14) 31. Rd6 $16 Rf8 32. Qd4 Qc7 33. h4 Qe7 34. Qe5 (34. Bc4 $142) 34... Rfb8 (34... Bc8 $16 35. Qxe7 Rxe7) 35. h5 h6 36. Be2 (36. Ba6 $1 $16 {[%cal Ra6b7]} Rb6 37. Bc4 Rxd6 38. Rxd6) 36... Qf8 $2 ({Better is} 36... Kh7 $14) 37. Ba6 $2 (37. Rxe6 $18 fxe6 38. Rd6) 37... Rb6 $11 38. Rxb6 Rxb6 39. Qc7 Rb8 ({Much worse is} 39... Rxa6 40. Rd8 $16) 40. Bb7 Re8 $1 41. Rd4 Kh7 $2 {[#]} (41... Qe7 $11 42. Qxe7 Rxe7) 42. Bd5 $1 $18 Rc8 43. Qe5 (43. Qb7 $18 Rb8 44. Qa7) 43... Qg7 {[#]} ({Black should try} 43... Rc1+ $14 44. Kg2 Rc5) 44. Qxg7+ (44. Qf4 $1 $16) 44... Kxg7 $11 45. Bxe6 $1 fxe6 $16 {[%mdl 4096] Endgame KR-KR} 46. Rb4 Kf6 47. Rxb3 Kg5 48. Rb6 Kxh5 49. b4 {[%cal Bb2b4,Bb4b5,Bb5b6,Bb6b7][%mdl 32]} Rc1+ 50. Kg2 Rb1 51. b5 Kg5 52. Rb8 e5 53. b6 Kg6 54. b7 Kg7 55. Kh2 Rb2 56. Kh3 Rb1 $1 57. Kg2 Kh7 $1 58. Rf8 Rxb7 59. Rxf5 Rb5 60. Rf6 Kg7 $1 {[%cal Rg7f6]} 61. Re6 (61. Rc6 {seems wilder.} Rb4 62. g4 Rb5 63. Kg3 Rb4 64. Rd6) 61... Ra5 62. g4 Rb5 63. Kg3 Ra5 64. Kh4 Ra2 65. Kg3 Ra5 66. Kh4 Ra2 67. Rxe5 {Threatens to win with Kg3.} Rxf2 68. Rxe4 Rf3 69. Re6 Kf7 70. Re5 {Strongly threatening Rf5+.} Kf6 71. Re4 {aiming for Rf4+.} Kg6 72. Re8 Kf7 73. Re5 {Intending Rf5+ and mate.} Kf6 74. Re4 {Black must now prevent Rf4+.} Kg6 75. Re6+ Kf7 76. Rxh6 Rxe3 77. Kh5 Kg7 {Hoping for ...Rh3+.} 78. Rg6+ Kh7 79. Ra6 Re7 80. g5 Rb7 81. Kg4 Kg7 82. Re6 Rb4+ 83. Kf5 Rb5+ 84. Re5 Rxe5+ {Accuracy: White = 78%, Black = 73%.} 1/2-1/2

[Event "77th GEO-ch Women 2020"]
[Site "Tbilisi"]
[Date "2020.07.30"]
[Round "9.3"]
[White "Arabidze, Meri"]
[Black "Gvetadze, Sofio"]
[Result "1/2-1/2"]
[WhiteElo "2428"]
[BlackElo "2308"]
[Annotator "TA"]
[PlyCount "127"]
[EventDate "2020.07.21"]
[EventType "tourn"]
[EventCountry "GEO"]
[SourceTitle "playchess.com"]
[Source "ChessBase"]
[SourceQuality "1"]

{[%evp 9,127,0,64,73,76,52,52,48,54,44,50,45,50,39,74,56,63,56,66,60,68,71,100,66,89,93,93,92,91,76,89,89,96,94,84,67,83,54,70,18,42,13,83,75,83,55,56,54,66,56,62,14,103,103,113,108,109,94,114,124,171,175,181,183,207,179,242,208,278,278,278,278,297,297,297,275,285,290,281,250,250,250,274,250,250,250,250,251,257,257,257,257,257,257,257,257,257,257,264,251,264,251,258,244,258,251,258,244,260,197,230,197,241,197,225,197,230,197,228,197]} 1. d4 Nf6 2. c4 b6 3. Nc3 Bb7 4. d5 c6 5. e4 d6 ({Black should try} 5... cxd5 $11 6. cxd5 e6) 6. Nf3 $14 {A50: Queen's Fianchetto Defence (1 d4 Nf6 2 c4 b6).} g6 7. Bd3 Bg7 8. O-O {White is slightly better.} O-O {[#]} 9. Re1 $146 ({Predecessor:} 9. Be3 Ng4 10. Bd2 Na6 11. h3 Nf6 12. Qc1 Nc5 13. Bc2 Qc7 14. Bh6 Nh5 15. Bxg7 Nxg7 {1-0 (61) Wehner,S (1552)-Shefquet,A Germany 2003}) 9... Nbd7 10. Bf1 Rc8 11. Bg5 Re8 12. h3 Qc7 13. Qd2 a6 14. Rac1 Qb8 15. Nd4 Qa8 16. b3 c5 17. Nc2 e6 18. a4 Qb8 19. Na3 Qc7 20. Rcd1 e5 21. g3 Rb8 22. Ra1 Bc8 23. Ra2 Nf8 24. Kh2 (24. Bh6 $14) 24... Nh5 25. Qd1 h6 (25... Nf4 $11) 26. Be3 $16 Qe7 27. Nab1 Nh7 28. Bg2 N5f6 29. Qc1 Qf8 30. Rb2 a5 (30... Nd7 $11) 31. Nb5 {Black is on the road to losing.} Rb7 32. N1c3 Kh8 33. f3 Ng8 34. Rf2 Nhf6 35. f4 Nd7 36. f5 Qe7 37. Ref1 {Threatens to win with fxg6.} g5 (37... Ndf6 $142 38. Qd1 Rf8) 38. g4 f6 39. Kg3 Nf8 40. Bf3 Nh7 41. Rh2 Bd7 42. Na3 Rd8 43. Rfh1 Be8 44. Qd1 Rdd7 45. Kf2 Qd8 46. Ke1 Bf8 47. Kd2 Kg7 48. Kc2 Kf7 49. Nab5 Bg7 50. Kb2 Ke7 51. Ne2 Bf7 52. Ng3 Qf8 53. Qd2 Kd8 54. Qf2 Kc8 55. Ra1 Qd8 56. Ne2 Rb8 57. Nc1 Kb7 58. Nd3 Rc8 59. h4 Bf8 {White is clearly better.} 60. Rah1 Be8 61. Qe2 Bf7 62. Nf2 Be8 63. Rh3 Bf7 64. Nd3 {Accuracy: White = 75%, Black = 79%.} 1/2-1/2

[Event "77th GEO-ch Women 2020"]
[Site "Tbilisi"]
[Date "2020.07.30"]
[Round "9.4"]
[White "Melia, Salome"]
[Black "Tsotsonava, Elene"]
[Result "1-0"]
[WhiteElo "2370"]
[BlackElo "2012"]
[Annotator "TA"]
[PlyCount "99"]
[EventDate "2020.07.21"]
[EventType "tourn"]
[EventCountry "GEO"]
[SourceTitle "playchess.com"]
[Source "ChessBase"]
[SourceQuality "1"]

{[%evp 14,99,31,31,31,27,22,32,155,152,170,111,136,133,121,122,129,109,107,107,112,100,100,86,101,85,70,71,84,54,53,53,81,55,57,53,65,55,81,89,81,64,64,64,64,8,140,140,97,97,140,140,140,140,140,140,140,140,1270,812,29960,29962,29963,29960,29962,29962,29964,29963,29967,29962,29966,29969,29964,5543,29975,29976,29982,29983,29983,29984,29985,29986,29988,29989,29990,29991,29991,29992]} 1. e4 c5 2. Nf3 e6 3. d4 cxd4 4. Nxd4 Nc6 5. Nc3 Qc7 6. Be3 a6 7. a3 Nf6 8. f4 d5 {B48: Sicilian: Taimanov: 5 Nc3 Qc7 6 Be3 a6 without Be2.} 9. e5 Nd7 10. Qg4 {[#] 10.Qd2 might become the main line.} Ndxe5 $146 (10... b5 $14) ({Predecessor:} 10... Nb6 11. Bd3 g6 12. Qf3 Nxd4 13. Bxd4 Bd7 14. O-O Bc5 15. Ne2 Nc4 16. Qf2 Bxd4 17. Qxd4 {½-½ (53) Nayhebaver,M (2473)-Pacher,M (2434) Ruzomberok 2019}) 11. fxe5 $16 Qxe5 12. Nd1 (12. Qg3 $18) 12... h5 13. Qg3 Qxg3+ 14. hxg3 Bd6 15. Nxc6 Bxg3+ 16. Bf2 Bxf2+ 17. Nxf2 bxc6 18. Nd3 a5 19. O-O-O Ke7 20. Be2 g6 21. g4 {[%cal Rg4h5]} Ba6 $1 22. gxh5 Bxd3 23. cxd3 gxh5 24. Bxh5 c5 25. Bf3 Rag8 26. Rxh8 Rxh8 27. Rh1 Rxh1+ 28. Bxh1 $14 {[%mdl 4096] Endgame KB-KP} Kd6 29. Bf3 Ke5 {[#]} (29... f5 $11 {keeps the balance.}) 30. Bh5 $1 $16 {[%cal Rh5f7]} f5 31. Bf7 Kd6 32. Kd2 e5 33. Bg6 Ke6 34. Ke3 Kf6 35. Bh7 f4+ $2 {[%mdl 8192] [#] This move loses the game for Black.} (35... Kg5 $16 36. Bg8 d4+ 37. Kf3 Kf6) 36. Kf3 $18 Ke6 37. Bg8+ Kd6 38. b3 Kc6 39. Bf7 Kd6 40. Kg4 Kc6 41. Kf5 Kd6 42. a4 f3 43. Bh5 c4 44. bxc4 {White mates.} f2 45. Be2 d4 46. Ke4 Kc5 47. Kxe5 Kb4 48. Kxd4 Kxa4 49. Kc3 Ka3 50. c5 {Accuracy: White = 91%, Black = 61%.} 1-0

[Event "77th GEO-ch Women 2020"]
[Site "Tbilisi"]
[Date "2020.07.30"]
[Round "9.5"]
[White "Khomeriki, Nino"]
[Black "Vakhania, Alexsandra"]
[Result "1/2-1/2"]
[WhiteElo "2319"]
[BlackElo "2138"]
[Annotator "TA"]
[PlyCount "61"]
[EventDate "2020.07.21"]
[EventType "tourn"]
[EventCountry "GEO"]
[SourceTitle "playchess.com"]
[Source "ChessBase"]
[SourceQuality "1"]

{[%evp 15,61,27,80,86,79,85,87,83,84,79,83,81,127,121,125,129,127,135,121,125,130,29,29,29,29,29,29,0,8,0,29,23,31,35,31,12,18,18,12,8,14,4,4,4,4,4,10,10]} 1. d4 Nf6 2. c4 e6 3. Nf3 Bb4+ 4. Bd2 Qe7 5. Nc3 O-O 6. g3 d6 7. Bg2 e5 {7...Bxc3 might become the main line.} 8. O-O Nc6 (8... Re8 $11 {keeps the balance.}) 9. Nd5 $16 {E11: Bogo-Indian.} Nxd5 10. cxd5 Bxd2 11. dxc6 {White is better.} Bh6 12. dxe5 dxe5 13. Qd5 bxc6 14. Qxe5 Qxe5 15. Nxe5 Ba6 16. Rfe1 {[#]} Bd2 $146 ({Predecessor:} 16... Rad8 17. e3 Rd2 18. b3 c5 19. Rec1 Re8 20. Rxc5 g6 21. Ra5 Be2 22. Rc1 a6 {1-0 (34) Kiss,P (2435)-Meszaros,G (2310) Slovakia 1999}) 17. Red1 ({Don't play} 17. Nxc6 $6 Bxe1 18. Ne7+ Kh8 $11) ({Of course not} 17. Bxc6 $6 Rad8 $11) 17... Rad8 18. Nxc6 (18. Bf1 $16) 18... Bxe2 $11 19. Nxd8 Rxd8 20. Rdb1 Bd3 21. Rd1 Be2 22. Rdb1 Bd3 23. Rc1 Bxc1 24. Rxc1 {[%mdl 4096] Endgame KRB-KRB} Be2 25. Bf1 Rd1 {The position is equal.} 26. Rxd1 Bxd1 27. Bd3 Kf8 28. f4 ({Much worse is} 28. Bxh7 g6 $17) 28... h6 29. Kf2 Ke7 30. Ke3 Kd6 31. Kd4 {Accuracy: White = 89%, Black = 94%.} 1/2-1/2